000 00804nam a2200253Ia 4500
003 OSt
005 20220930073505.0
006 a|||||r|||| 00| 0
007 ta
008 220926b |||||||| |||| 00| 0 eng d
024 _a34477
037 _cTheses
040 _aCRL
_cCRL
_beng
041 _2eng
_aeng
100 _aGoel Medha
_9531664
110 _aUniversity of Delhi. Faculty of Medical Sciences. Department of Paediatrics
245 0 _aCoagulation profile in children with congenital heart disease
260 _c1999
650 _aCHILDREN - DISEASES
700 _a Dr Anita Khalil Supervisor
_9524528
700 _aUniversity of Delhi. Faculty of Medical Sciences. Department of Paediatrics
942 _cDIS
_2CC
999 _c865088
_d865088